000
00302nam a2200109Ia 4500
005
20251222154350.0
008
251222s9999||||xx |||||||||||||| ||spa||
082
_a
909/V47
100
_a
"Vera Tornell, Ricardo"
245
0
_a
Historia de la civilización: Compendio de la historia universal
942
_c
LIB
999
_c
34878
_d
34878